Теория информации: учебное пособие для прикладного бакалавриата

Bibliographische Detailangaben
1. Verfasser: Осокин А. Н. Александр Николаевич
Körperschaft: Национальный исследовательский Томский политехнический университет (ТПУ)
Weitere Verfasser: Мальчуков А. Н. Андрей Николаевич
Zusammenfassung:В пособии рассмотрены этапы обращения информации в информационных системах, методы и модели измерения количества информации, датчики, описание сигналов (спектральное и вейвлет-представление сигналов, спектры гармонического сигнала и прямоугольного импульса, теоремы об изменении спектра сигнала при преобразованиях сигнала), переход от ана­логовой формы сигнала к цифровой, модуляция и демодуляция сигналов, согласование характеристик сигнала и канала связи, виды физических ли­ний связи, разделение (мультиплексирование) линий связи, обобщенная информационная модель канала по Шеннону, теоретические модели кана­лов связи и их пропускная способность, теоремы Шеннона о кодировании для канала связи без помех и с помехами, сжатие данных, методы повыше­ния помехоустойчивости, помехоустойчивое кодирование, представление информации. Каждая глава содержит контрольные вопросы.Предназначено для студентов, обучающихся по направлениям 230100 «Информатика и вычислительная техника», 230400 «Информационные си­стемы и технологии».
Sprache:Russisch
Veröffentlicht: Москва, Юрайт, 2016
Schriftenreihe:Университеты России
Schlagworte:
Format: MixedMaterials Buch
KOHA link:https://koha.lib.tpu.ru/cgi-bin/koha/opac-detail.pl?biblionumber=315003

MARC

LEADER 00000nam0a2200000 4500
001 315003
005 20231102002732.0
010 |a 9785991670647 
035 |a (RuTPU)RU\TPU\book\340436 
035 |a RU\TPU\book\309606 
090 |a 315003 
100 |a 20150225d2016 m y0rusy50 ca 
101 0 |a rus 
102 |a RU 
105 |a a j 001zy 
200 1 |a Теория информации  |e учебное пособие для прикладного бакалавриата  |f А. Н. Осокин, А. Н. Мальчуков  |g Национальный исследовательский Томский политехнический университет (ТПУ) 
210 |a Москва  |c Юрайт  |d 2016 
215 |a 206 с.  |c ил. 
225 1 |a Университеты России 
320 |a Библиогр.: с. 205. 
330 |a В пособии рассмотрены этапы обращения информации в информационных системах, методы и модели измерения количества информации, датчики, описание сигналов (спектральное и вейвлет-представление сигналов, спектры гармонического сигнала и прямоугольного импульса, теоремы об изменении спектра сигнала при преобразованиях сигнала), переход от ана­логовой формы сигнала к цифровой, модуляция и демодуляция сигналов, согласование характеристик сигнала и канала связи, виды физических ли­ний связи, разделение (мультиплексирование) линий связи, обобщенная информационная модель канала по Шеннону, теоретические модели кана­лов связи и их пропускная способность, теоремы Шеннона о кодировании для канала связи без помех и с помехами, сжатие данных, методы повыше­ния помехоустойчивости, помехоустойчивое кодирование, представление информации. Каждая глава содержит контрольные вопросы.Предназначено для студентов, обучающихся по направлениям 230100 «Информатика и вычислительная техника», 230400 «Информационные си­стемы и технологии». 
606 1 |a Информации теория  |2 stltpush  |3 (RuTPU)RU\TPU\subj\12892  |9 39595 
610 1 |a информация 
610 1 |a понятия 
610 1 |a датчики 
610 1 |a сигналы 
610 1 |a описание 
610 1 |a дискретизация 
610 1 |a квантование 
610 1 |a модуляция 
610 1 |a передача 
610 1 |a физические линии связи 
610 1 |a мультиплексирование 
610 1 |a данные 
610 1 |a сжатие 
610 1 |a каналы 
610 1 |a помехи 
610 1 |a помехоустойчивое кодирование 
610 1 |a учебные пособия 
610 1 |a труды учёных ТПУ 
675 |a 621.391(075.8)  |v 3 
700 1 |a Осокин  |b А. Н.  |c специалист в области информатики и вычислительной техники  |c доцент Томского политехнического университета, кандидат технических наук  |f 1947-  |g Александр Николаевич  |2 stltpush  |3 (RuTPU)RU\TPU\pers\25406 
701 1 |a Мальчуков  |b А. Н.  |c специалист в области информатики и вычислительной техники  |c доцент Томского политехнического университета, кандидат технических наук  |f 1982-  |g Андрей Николаевич  |2 stltpush  |3 (RuTPU)RU\TPU\pers\25402 
712 0 2 |a Национальный исследовательский Томский политехнический университет (ТПУ)  |c (2009- )  |2 stltpush  |3 (RuTPU)RU\TPU\col\15902 
801 1 |a RU  |b 63413507  |c 20160224 
801 2 |a RU  |b 63413507  |c 20160404  |g RCR 
900 |a Теория информации 
900 |a Теория информации и ее приложение в автоматизированных системах 
942 |c BK 
959 |a 24/20160224  |d 10  |e 479,00  |f ЧЗТЛ:1  |f УФ:9